| 000 | 00671aam a2200253 4500 | ||
|---|---|---|---|
| 005 | 20161006151657.0 | ||
| 008 | 150612b xxu||||| |||| 00| 0 spa d | ||
| 041 | _aEspañol | ||
| 082 | _a1.4.17 C659c | ||
| 245 | _aCocina latinoamericana e internacional: fundamentos de nutrición y etiqueta | ||
| 260 | _aColombia | ||
| 260 | _bZamora | ||
| 260 | _c2003 | ||
| 300 | _a79 páginas | ||
| 500 | _aVOLUMEN 1 | ||
| 650 |
_aRECETAS DE COCINA _91731 |
||
| 650 |
_aHISTORIA DE LA COCINA _925376 |
||
| 650 |
_aNUTRICIÓN _925377 |
||
| 650 |
_aETIQUETA _92786 |
||
| 650 |
_aVINOS _910613 |
||
| 650 |
_aLICORES _919882 |
||
| 650 |
_aGASTRONOMÍA _97803 |
||
| 942 | _cBK | ||
| 999 |
_c1325 _d1325 |
||